| 000 -LEADER |
| fixed length control field |
01549cam a2200349 a 4500 |
| 001 - CONTROL NUMBER |
| control field |
4957252 |
| 003 - CONTROL NUMBER IDENTIFIER |
| control field |
NUST |
| 005 - DATE AND TIME OF LATEST TRANSACTION |
| control field |
20171116122758.0 |
| 008 - FIXED-LENGTH DATA ELEMENTS--GENERAL INFORMATION |
| fixed length control field |
951127s1995 nyua b 001 0 eng d |
| 010 ## - LIBRARY OF CONGRESS CONTROL NUMBER |
| LC control number |
96218392 |
| 020 ## - INTERNATIONAL STANDARD BOOK NUMBER |
| International Standard Book Number |
0471115215 (acidfree paper) |
| 035 ## - SYSTEM CONTROL NUMBER |
| System control number |
(OCoLC)33806060 |
| 040 ## - CATALOGING SOURCE |
| Original cataloging agency |
AB |
| Transcribing agency |
AB |
| Modifying agency |
CNoS |
| -- |
OCU |
| -- |
DLC |
| 042 ## - AUTHENTICATION CODE |
| Authentication code |
lccopycat |
| 050 00 - LIBRARY OF CONGRESS CALL NUMBER |
| Classification number |
HD69.P75 |
| Item number |
W95 1995 |
| 082 00 - DEWEY DECIMAL CLASSIFICATION NUMBER |
| Classification number |
658.40 WYS |
| Edition number |
21 |
| 100 1# - MAIN ENTRY--PERSONAL NAME |
| Personal name |
Wysocki, Robert K. |
| 9 (RLIN) |
6469 |
| 245 10 - TITLE STATEMENT |
| Title |
Effective project management : |
| Remainder of title |
how to plan, manage, and deliver projects on time and within budget / |
| Statement of responsibility, etc. |
Robert K. Wysocki, Robert Beck, Jr., David B. Crane. |
| 260 ## - PUBLICATION, DISTRIBUTION, ETC. |
| Place of publication, distribution, etc. |
New York : |
| Name of publisher, distributor, etc. |
Wiley, |
| Date of publication, distribution, etc. |
c1995. |
| 300 ## - PHYSICAL DESCRIPTION |
| Extent |
xvii, 333 p. : |
| Other physical details |
ill. ; |
| Dimensions |
23 cm. + |
| Accompanying material |
1 computer laser optical disc (4 3/4 in.) |
| 500 ## - GENERAL NOTE |
| General note |
P.B |
| 504 ## - BIBLIOGRAPHY, ETC. NOTE |
| Bibliography, etc. note |
Includes bibliographical references (p. 318-321) and index. |
| 538 ## - SYSTEM DETAILS NOTE |
| System details note |
System requirements for accompanying computer disk: MS Project version 4 for Windows. |
| 650 #0 - SUBJECT ADDED ENTRY--TOPICAL TERM |
| Topical term or geographic name entry element |
Project management. |
| 9 (RLIN) |
2481 |
| 700 1# - ADDED ENTRY--PERSONAL NAME |
| Personal name |
Beck, Robert. |
| 9 (RLIN) |
6470 |
| 700 1# - ADDED ENTRY--PERSONAL NAME |
| Personal name |
Crane, David B. |
| 9 (RLIN) |
6471 |
| 856 42 - ELECTRONIC LOCATION AND ACCESS |
| Materials specified |
Contributor biographical information |
| Uniform Resource Identifier |
<a href="http://www.loc.gov/catdir/enhancements/fy0607/96218392-b.html">http://www.loc.gov/catdir/enhancements/fy0607/96218392-b.html</a> |
| 856 42 - ELECTRONIC LOCATION AND ACCESS |
| Materials specified |
Publisher description |
| Uniform Resource Identifier |
<a href="http://www.loc.gov/catdir/enhancements/fy0607/96218392-d.html">http://www.loc.gov/catdir/enhancements/fy0607/96218392-d.html</a> |
| 856 41 - ELECTRONIC LOCATION AND ACCESS |
| Materials specified |
Table of contents only |
| Uniform Resource Identifier |
<a href="http://www.loc.gov/catdir/enhancements/fy0607/96218392-t.html">http://www.loc.gov/catdir/enhancements/fy0607/96218392-t.html</a> |
| 906 ## - LOCAL DATA ELEMENT F, LDF (RLIN) |
| a |
7 |
| b |
cbc |
| c |
copycat |
| d |
2 |
| e |
ncip |
| f |
19 |
| g |
y-gencatlg |
| 942 ## - ADDED ENTRY ELEMENTS (KOHA) |
| Source of classification or shelving scheme |
|
| Koha item type |
Book |
| Call number prefix |
IESE |